000
00311nam a22001337a 4500
008
170815b xxu||||| |||| 00| 0 eng d
020
_a
0155275208
041
_a
eng
080
_a
311
100
_a
36
101
_a
STA
245
_a
PROBABILITY AND STATISTICS WITH APPLICATIONS
_c
STRAIT,P.T
942
_2
udc
_c
BK
999
_c
23463
_d
23463